000 01043cam a2200265 a 4500
005 20240919111915.0
008 171206s1974 ec r 000 0 spa d
015 _aNNN
035 _a(Sirsi) 65930
040 _aCo-BoUCM
_bspa
_cSaul Niño
_dSaul Niño
041 0 _aspa
100 1 _aCortázar, Julio
_d1914-1984
_91409
245 1 4 _aUna flor amarilla
_cJulio Cortazar ; introducción de Rafael Díaz Ycaza
260 _aGuayaquil
_bAriel
_c1974
300 _a176 páginas
490 _aAriel universal
_v4
501 _aCon: Final del juego ; Los venenos ; Bestiario ; Cartas a mama ; La noche boca arriba ; Circe ; El otro cielo ; Todos los fuegos el fuego ; Instrucciones para John Howell ; El perseguidor
600 1 4 _aCortázar, Julio
_d1914-1984
_91409
650 7 _aCuentos argentinos
_912252
650 7 _aLiteratura argentina
_918607
650 7 _aLiteratura latinoamericana
_918700
700 1 _aDíaz Ycaza, Rafael
_990126
942 _2DEWEY
_a18
_cLIBRO
_e1
_h863.44
_kA
_mC827fl
_n0
999 _c49274
_d49274